[Event "Madrid-ch Seniors 65"]
[Site "Madrid"]
[Date "2020.08.29"]
[Round "6"]
[White "Martin Vazquez, Jose Luis"]
[Black "Salgado Duarte, Pablo"]
[Result "1-0"]
[WhiteElo "1741"]
[BlackElo "1446"]
[PlyCount "77"]
[EventDate "2020.03.09"]
[EventType "swiss"]
[EventRounds "8"]
[EventCountry "ESP"]
[SourceTitle "EXT 2021"]
[Source "ChessBase"]
[SourceDate "2020.10.23"]
[SourceVersion "1"]
[SourceVersionDate "2020.10.23"]
[SourceQuality "1"]

1. e4 e5 2. Nf3 d6 3. d4 Bg4 4. dxe5 Bxf3 5. Qxf3 dxe5 6. Bc4 Nf6 7. Qb3 Qd7 8. Qxb7 Bc5 9. Bb5 c6 10. Qxd7+ Kxd7 11. Bd3 Rd8 12. Bg5 Ke7 13. 0-0 Rd6 14. Nd2 Nbd7 15. Nc4 Re6 16. c3 Kf8 17. b4 Bb6 18. a4 h6 19. Nxb6 axb6 20. Bh4 Nh5 21. Bc2 Nf4 22. Rfd1 Nf6 23. Bb3 Ree8 24. Bxf6 gxf6 25. Bc4 Red8 26. Kf1 Rxd1+ 27. Rxd1 Rxa4 28. g3 Ne6 29. Bxe6 fxe6 30. Rd6 c5 31. Rxb6 cxb4 32. cxb4 Ke7 33. Kg2 Kf7 34. f3 Kg6 35. g4 Kg5 36. Kg3 f5 37. h4+ Kf6 38. gxf5 Ra8 39. Rxe6+ 1-0

[Event "Madrid-ch Seniors 65"]
[Site "Madrid"]
[Date "2020.08.27"]
[Round "4"]
[White "Martin Vazquez, Jose Luis"]
[Black "Gonzalez Rivera, Eduardo"]
[Result "0-1"]
[WhiteElo "1741"]
[BlackElo "2015"]
[PlyCount "48"]
[EventDate "2020.03.09"]
[EventType "swiss"]
[EventRounds "8"]
[EventCountry "ESP"]
[SourceTitle "EXT 2021"]
[Source "ChessBase"]
[SourceDate "2020.10.23"]
[SourceVersion "1"]
[SourceVersionDate "2020.10.23"]
[SourceQuality "1"]

1. e4 e5 2. Nf3 Nc6 3. Bb5 a6 4. Bxc6 dxc6 5. 0-0 Bg4 6. h3 h5 7. d3 Qf6 8. Be3 Bxf3 9. Qxf3 Qxf3 10. gxf3 Bd6 11. Nd2 Ne7 12. Rfb1 Ng6 13. Kf1 f5 14. Nc4 f4 15. Nxd6+ cxd6 16. Bd2 Nf8 17. Ke2 Ne6 18. Rg1 Nd4+ 19. Kd1 Kf7 20. Rg5 Nxf3 21. Rg2 Rhg8 22. c3 g5 23. Ke2 g4 24. Rh1 Ng5 0-1

[Event "Madrid-ch Previa-A"]
[Site "Madrid"]
[Date "2020.02.12"]
[Round "6"]
[White "Martin Vazquez, Jose Luis"]
[Black "Rodriguez Bachiller, Luis"]
[Result "1-0"]
[WhiteElo "1789"]
[BlackElo "1536"]
[PlyCount "83"]
[EventDate "2020.02.03"]
[EventType "swiss"]
[EventRounds "9"]
[EventCountry "ESP"]
[SourceTitle "EXT 2021"]
[Source "ChessBase"]
[SourceDate "2020.10.23"]
[SourceVersion "1"]
[SourceVersionDate "2020.10.23"]
[SourceQuality "1"]

1. e4 c6 2. d4 d5 3. e5 Bf5 4. h4 h6 5. g4 Be4 6. f3 Bg6 7. h5 Bh7 8. e6 fxe6 9. Bd3 Bxd3 10. Qxd3 Qd6 11. f4 Nf6 12. Nf3 Ne4 13. Nc3 Qb4 14. a3 Qa5 15. b4 Qa6 16. Nxe4 Qxd3 17. cxd3 dxe4 18. dxe4 Nd7 19. g5 0-0-0 20. Bb2 Rg8 21. Nh4 Nb6 22. Rc1 Kb8 23. Rg1 hxg5 24. Rxg5 Nd7 25. e5 Nb6 26. Ng6 Nd5 27. Ke2 a6 28. Kf3 Re8 29. Rcg1 b5 30. Bc1 Kc7 31. Nxf8 Rexf8 32. Rxg7 Rh8 33. R1g5 Kd7 34. R7g6 Nc7 35. h6 Rf5 36. Kg4 Rxg5+ 37. Kxg5 Ne8 38. f5 Nc7 39. f6 Ke8 40. Rg7 Nd5 41. f7+ Kf8 42. Kg6 1-0

[Event "Madrid-ch Previa-A"]
[Site "Madrid"]
[Date "2020.02.03"]
[Round "1"]
[White "De Fuenmayor Fernandez, Carlos Pablo"]
[Black "Martin Vazquez, Jose Luis"]
[Result "1-0"]
[WhiteElo "1365"]
[BlackElo "1789"]
[PlyCount "102"]
[EventDate "2020.02.03"]
[EventType "swiss"]
[EventRounds "9"]
[EventCountry "ESP"]
[SourceTitle "EXT 2021"]
[Source "ChessBase"]
[SourceDate "2020.10.23"]
[SourceVersion "1"]
[SourceVersionDate "2020.10.23"]
[SourceQuality "1"]

1. c4 Nf6 2. g3 g6 3. Bg2 Bg7 4. Nc3 0-0 5. e4 e5 6. Nf3 d6 7. 0-0 Be6 8. d3 h6 9. Bd2 Qd7 10. Rb1 Bh3 11. b4 Bxg2 12. Kxg2 Re8 13. Qc2 c5 14. b5 b6 15. a4 Qd8 16. Kg1 Nbd7 17. Nh4 Nh5 18. Ng2 Nf8 19. Qc1 Kh7 20. Nd5 Ne6 21. Ra1 Nd4 22. Qd1 Qd7 23. Be3 Nf6 24. Bxd4 cxd4 25. Nb4 g5 26. a5 Kg6 27. a6 Qg4 28. Qxg4 Nxg4 29. Nd5 Rf8 30. Ne7+ Kh7 31. Nf5 Rfd8 32. h3 Nf6 33. Nxg7 Kxg7 34. f4 Nd7 35. fxg5 hxg5 36. h4 f6 37. hxg5 fxg5 38. Rf5 Kg6 39. Raf1 Rf8 40. Ne1 Rxf5 41. Rxf5 Rf8 42. g4 Rxf5 43. gxf5+ Kh5 44. Kf2 Kg4 45. Nc2 Kh3 46. Kg1 Kg3 47. Nb4 Kf3 48. Nc6 Ke2 49. Nxa7 Kxd3 50. Nc6 Kc2 51. a7 d3 1-0

[Event "Madrid-ch Previa-A"]
[Site "Madrid"]
[Date "2019.02.18"]
[Round "7"]
[White "Martin Vazquez, Jose Luis"]
[Black "Martinez Pintor, Juan"]
[Result "1-0"]
[WhiteElo "1832"]
[BlackElo "1604"]
[PlyCount "69"]
[EventDate "2019.02.04"]
[EventType "swiss"]
[EventRounds "9"]
[EventCountry "ESP"]
[SourceTitle "EXT 2021"]
[Source "ChessBase"]
[SourceDate "2020.10.23"]
[SourceVersion "1"]
[SourceVersionDate "2020.10.23"]
[SourceQuality "1"]

1. e4 e6 2. d4 d5 3. Bd3 c5 4. exd5 Qxd5 5. Nc3 Qxd4 6. Nb5 Qe5+ 7. Ne2 Na6 8. Bf4 Qd5 9. Nec3 Qd8 10. Qe2 Be7 11. Rd1 Bd7 12. Bc4 Nf6 13. Nd6+ Bxd6 14. Bxd6 Qb6 15. 0-0 0-0-0 16. Be7 Rde8 17. Bd6 Rd8 18. Be7 Rde8 19. Bxf6 gxf6 20. Ne4 Re7 21. Nxf6 Bc6 22. Rd6 Qxb2 23. Rxc6+ bxc6 24. Bxa6+ Kc7 25. Qf3 Qxa2 26. Qg3+ Kb6 27. Bd3 Qb2 28. Ne4 f5 29. Nd2 Qg7 30. Rb1+ Ka5 31. Nc4+ Ka4 32. Qf3 Rc7 33. Qd1 Qc3 34. Rb3 Qd4 35. Qb1 1-0

[Event "Madrid-ch Previa-A"]
[Site "Madrid"]
[Date "2019.02.13"]
[Round "6"]
[White "Villodre Miranda, Juan Alonso"]
[Black "Martin Vazquez, Jose Luis"]
[Result "1-0"]
[WhiteElo "1603"]
[BlackElo "1832"]
[PlyCount "78"]
[EventDate "2019.02.04"]
[EventType "swiss"]
[EventRounds "9"]
[EventCountry "ESP"]
[SourceTitle "EXT 2021"]
[Source "ChessBase"]
[SourceDate "2020.10.23"]
[SourceVersion "1"]
[SourceVersionDate "2020.10.23"]
[SourceQuality "1"]

1. c4 Nf6 2. Nc3 g6 3. e4 d6 4. g3 Bg7 5. Bg2 0-0 6. Nge2 c5 7. d3 Nc6 8. 0-0 a6 9. h3 Rb8 10. a4 Nd7 11. Be3 Nd4 12. Rb1 Nxe2+ 13. Nxe2 b5 14. axb5 axb5 15. b3 b4 16. d4 Bb7 17. d5 Ra8 18. Qd2 Ra3 19. Bh6 Qa5 20. Bxg7 Kxg7 21. Ra1 Ra8 22. Qb2+ Kg8 23. Rxa3 Qxa3 24. Rb1 Qxb2 25. Rxb2 Ra1+ 26. Bf1 Ne5 27. Nf4 Bc8 28. Kg2 g5 29. Nd3 Bxh3+ 30. Kxh3 Rxf1 31. Nxe5 dxe5 32. Kg4 Kg7 33. Kf5 h5 34. Kxe5 Rd1 35. Kf5 Rd3 36. e5 Rf3+ 37. Ke4 g4 38. d6 exd6 39. exd6 Kf6 1-0

[Event "Madrid Codes op 6th"]
[Site "Madrid"]
[Date "2012.04.22"]
[Round "2.17"]
[White "Martin Vazquez, Jose Luis"]
[Black "Gines Sanchez, Javier"]
[Result "0-1"]
[WhiteElo "1940"]
[BlackElo "1575"]
[PlyCount "46"]
[EventDate "2012.04.15"]
[EventType "swiss"]
[EventRounds "9"]
[EventCountry "ESP"]
[SourceTitle "EXT 2024"]
[Source "ChessBase"]
[SourceDate "2023.10.10"]
[SourceVersion "1"]
[SourceVersionDate "2023.10.10"]
[SourceQuality "1"]

1. e4 e5 2. Bc4 Nc6 3. d3 Na5 4. Nd2 Bc5 5. Nb3 Bb4+ 6. c3 Nxc4 7. cxb4 Nb6 8. Nf3 d6 9. h3 f5 10. 0-0 h6 11. Re1 Nf6 12. exf5 Bxf5 13. Nxe5 0-0 14. Nc4 Nfd5 15. Nxb6 Nxb6 16. g4 Bd7 17. Be3 Nd5 18. a3 Ba4 19. Qc2 b5 20. d4 Qh4 21. Kg2 Rae8 22. Qd3 Nxe3+ 23. Rxe3 Qxf2+ 0-1

[Event "Madrid Codes op 6th"]
[Site "Madrid"]
[Date "2012.04.15"]
[Round "1.4"]
[White "Soto Martin, Pablo"]
[Black "Martin Vazquez, Jose Luis"]
[Result "1-0"]
[WhiteElo "1619"]
[BlackElo "1940"]
[PlyCount "87"]
[EventDate "2012.04.15"]
[EventType "swiss"]
[EventRounds "9"]
[EventCountry "ESP"]
[SourceTitle "EXT 2024"]
[Source "ChessBase"]
[SourceDate "2023.10.10"]
[SourceVersion "1"]
[SourceVersionDate "2023.10.10"]
[SourceQuality "1"]

1. e4 c5 2. Nf3 Nc6 3. Bb5 e6 4. Bxc6 bxc6 5. 0-0 d6 6. e5 d5 7. Nc3 c4 8. d3 cxd3 9. Qxd3 a5 10. Re1 Ne7 11. Bg5 Qb6 12. Be3 Qb8 13. Bc5 Ba6 14. Qd2 Ng6 15. Bxf8 Nxf8 16. b3 Nd7 17. Qg5 0-0 18. Rad1 c5 19. Ne2 Bxe2 20. Rxe2 a4 21. Red2 axb3 22. axb3 Rc8 23. Qh5 Rc7 24. Rd3 g6 25. Qg5 Rca7 26. g3 Qd8 27. Qxd8+ Rxd8 28. c4 Nb6 29. cxd5 Nxd5 30. Rc1 Ra5 31. Nd2 Rb8 32. Ne4 Nb4 33. Rd7 Nd5 34. Nd6 Rxb3 35. Rxf7 Rba3 36. Rb7 Ra1 37. Rbb1 Rxb1 38. Rxb1 Nb4 39. Kf1 Ra2 40. Ne4 Nd3 41. Rb8+ Kf7 42. Rc8 Nxe5 43. Rxc5 h6 44. Rxe5 1-0